00376 a2200121 4500001001000000005001700010008004100027245005900068100002300127700001800150773006900168999001700237ART_1459220260410161912.0260409a 10aTesting the integrability of consumer demand functions1 aJorgenson, Dale W.1 aConrad, Klaus0 tEuropean economic reviewg- Vol. 12, NÂș 2 (abr. 1979)wREV13346 c26930d26930